| 000 | 00807nam a2200289Ia 4500 | ||
|---|---|---|---|
| 001 | F3484 | ||
| 003 | IT-RoPAU | ||
| 008 | 130308s9999 xx 000 0 und d | ||
| 040 | _aIT-RoPAU | ||
| 040 | _cIT-RoPAU | ||
| 041 | _aITALIANO | ||
| 100 | _aDe Giusti Luciano | ||
| 100 | _gCodice Aut. SPICS: 7448 | ||
| 245 | _aPer un'ecologia dell'immagine | ||
| 245 | _bCaso e la Necessita' (Il). Il Cinema di Robert Bresson | ||
| 250 | _a1a ed. | ||
| 260 | _aTORINO | ||
| 260 | _bLindau | ||
| 260 | _c1998 [1° Ed.:1998 - Ed.Ling.Originale:1998] | ||
| 300 | _a"4 p. (prefazione: no ; testo: 4 [pagine: 55-58])" | ||
| 500 | _aRiflessioni Sul Cinema di Robert Bresson. | ||
| 650 | _aAUTORI/OPERE DEL CINEMA | ||
| 650 | _eCodice materia Spics: 6807 | ||
| 942 | _cBK | ||
| 957 | _71 | ||
| 999 |
_c83170 _d83170 |
||
| 999 | _g1 | ||